| 000 | 00422nam a2200145 a 4500 | ||
|---|---|---|---|
| 001 | 000033006 | ||
| 005 | 20200930065952.0 | ||
| 008 | 110808s1911 dr 000 0 spa d | ||
| 040 |
_aDO-SdBNP _bspa _cBNPHU |
||
| 082 |
_axxx _bH519t |
||
| 100 | 1 |
_aHenrĂquez, Gustavo J. _958723 |
|
| 245 | 1 | 0 |
_aTrinos / _cGustavo J. HenrĂquez. |
| 260 |
_aSanto Domingo : _bImp. Moderna de J. Gneco & Co., _c1911. |
||
| 300 |
_a77 p. ; _c18 cm. |
||
| 999 |
_c32497 _d32497 |
||